000
00156nam a22000857a 4500
082
_a
823
100
_a
ALOHA FRANKEL
245
_a
ONCE UPON A POTTY
942
_c
BK
999
_c
8156
_d
8156